The temple of the Ruby of fire / (Record no. 7453)

MARC details
000 -LEADER
fixed length control field 01316nam a22003257a 4500
001 - CONTROL NUMBER
control field 7453
003 - CONTROL NUMBER IDENTIFIER
control field FISKH
005 - DATE AND TIME OF LATEST TRANSACTION
control field 20250716105101.0
008 - FIXED-LENGTH DATA ELEMENTS--GENERAL INFORMATION
fixed length control field 250716b cb ||||| |||| 00| 0 eng d
020 ## - INTERNATIONAL STANDARD BOOK NUMBER
International Standard Book Number 9780439661638
040 ## - CATALOGING SOURCE
Original cataloging agency FISKH
Language of cataloging eng
Transcribing agency FISKH
Modifying agency FISKH
050 ## - LIBRARY OF CONGRESS CALL NUMBER
Classification number PZ7 .T2555
082 ## - DEWEY DECIMAL CLASSIFICATION NUMBER
Classification number 853.92
100 ## - MAIN ENTRY--PERSONAL NAME
Personal name Stilton, Geronimo
245 ## - TITLE STATEMENT
Title The temple of the Ruby of fire /
Statement of responsibility, etc. By Geronimo Stilton
250 ## - EDITION STATEMENT
Edition statement First printing , December 2004
260 ## - PUBLICATION, DISTRIBUTION, ETC.
Place of publication, distribution, etc. New York :
Name of publisher, distributor, etc. Scholastic,
Date of publication, distribution, etc. 2003.
300 ## - PHYSICAL DESCRIPTION
Extent 106 pages :
Other physical details color illustrations , maps ;
Dimensions 20 cm .
490 ## - SERIES STATEMENT
Series statement Geronimo Stilton
Volume/sequential designation 14
505 ## - FORMATTED CONTENTS NOTE
Formatted contents note H <br/>
520 ## - SUMMARY, ETC.
Summary, etc. It was my most thrilling adventure yet! My old friend Professor von Volt had discovered the location of the famous Ruby of Fire. And before I could let out a squeak of protest, my sister Thea had dragged me into race to be the first to find the legendary gem. The jewel was protected by thousands of ancient booby-traps -- a 'fraidy mouse's worst nightmare? Would I make it through with my fur?
521 8# - TARGET AUDIENCE NOTE
Target audience note 440 <br/>
Source Lexile <br/>
521 8# - TARGET AUDIENCE NOTE
Target audience note H <br/>
Source Raz-Plus <br/>
650 ## - SUBJECT ADDED ENTRY--TOPICAL TERM
Topical term or geographic name entry element Accelerated Reader
Form subdivision Fiction
650 ## - SUBJECT ADDED ENTRY--TOPICAL TERM
Topical term or geographic name entry element Mice
Form subdivision Fiction
700 ## - ADDED ENTRY--PERSONAL NAME
Personal name Stracchino, Johnny
Relator term Illustrator
700 ## - ADDED ENTRY--PERSONAL NAME
Personal name Fontina, Mary
Relator term Illustrator
942 ## - ADDED ENTRY ELEMENTS (KOHA)
Source of classification or shelving scheme Dewey Decimal Classification
Koha item type Books
Suppress in OPAC No
Holdings
Withdrawn status Lost status Source of classification or shelving scheme Damaged status Not for loan Collection Home library Current library Shelving location Date acquired Total Checkouts Full call number Barcode Date last seen Price effective from Koha item type
    Dewey Decimal Classification     Juvenile Fiction Footprints International School Library Network Toul Tom Poung Campus Footprints International School Library Network Toul Tom Poung Campus TTP Primary Dark Blue Bookshelves 07/16/2025   STI 853.92 PZ7 .T2555 FIS05285 07/16/2025 07/16/2025 Books